Sozialpolitische Entscheidungen im Nachkriegsdeutschland : (Titelsatznr. 33166)
[ MARC ]
| 000 -Satzkennung | |
|---|---|
| Kontrollfeld mit fester Länge | 01020nam a22002771c 4500 |
| 001 - Kontrollnummer | |
| Kontrollfeld | a987674000 |
| 008 - Feld mit fester Länge zur physischen Beschreibung - Allgemeine Angaben | |
| Kontrollfeld mit fester Länge | 150630s1980 gw |||| 000u ger d |
| 020 ## - Internationale Standardbuchnummer | |
| Internationale Standardbuchnummer | 3129129103 |
| Verknüpfung | 3-12-912910-3 |
| 041 ## - Sprachcode | |
| Sprachcode des Textes/der Tonspur oder des separaten Titels | ger |
| 040 ## - Katalogisierungsquelle | |
| Übertragungsstelle | RU-10907106 |
| 003 - Kontrollnummer Identifier | |
| Kontrollfeld | RU-10907106 |
| 100 1# - Haupteintragung - Personenname | |
| Personenname | Hockerts, Hans Günter |
| 245 00 - Titel | |
| Titel | Sozialpolitische Entscheidungen im Nachkriegsdeutschland : |
| Zusatz zum Titel | alliierte und deutsche Sozialversicherungspolitik 1945 bis 1957 / |
| Verfasserangabe etc. | Hans Guenter Hockerts |
| 264 ## - Produktion, Veröffentlichung, Distribution, Herstellung und Urheberrechtsvermerk | |
| Herstellungs-, Veröffentlichungs- Vertriebs-, Erzeugungsort | Stuttgart : |
| Produzent, Herausgeber, Distributor, Hersteller | Klett-Cotta, |
| Datum der Herstellung, der Veröffentlichung, des Vertriebs oder des Urheberschutzvermerks | 1980 |
| 300 ## - Physische Beschreibung | |
| Umfang | 463 S. |
| 336 ## - Inhaltstyp | |
| Inhaltstypterm | Text |
| Inhaltstypcode | txt |
| Quelle | rdacontent |
| 337 ## - Medientyp | |
| Bezeichnung des Medientyps | Computermedien |
| Medientypcode | c |
| Quelle | rdamedia |
| 338 ## - Datenträgertyp | |
| Datenträgertypbezeichnung | Online-Ressource |
| Datenträgertypcode | cr |
| Quelle | rdacarrier |
| 490 #0 - Gesamttitelangabe | |
| Gesamttitelangabe | Forschungen und Quellen zur Zeitgeschichte |
| Bandnummer/Folgebezeichnung | 1 |
| 500 ## - Allgemeine Fußnote | |
| Allgemeine Fußnote | Online Ressource, frei zugänglich |
| 502 ## - Dissertationsvermerk | |
| Dissertationsvermerk | Zugl.: Bonn, Univ., Habil.-Schr., 1977 |
| 655 #0 - Indexierungsterm - Genre/Form | |
| Genre/Form oder fokussierter Term | Hochschulschrift |
| 856 4# - Elektronische Adresse und Zugriff | |
| URL | <a href="http://nbn-resolving.de/urn/resolver.pl?urn=nbn:de:bvb:19-epub-4649-8">http://nbn-resolving.de/urn/resolver.pl?urn=nbn:de:bvb:19-epub-4649-8</a> |
| 856 4# - Elektronische Adresse und Zugriff | |
| URL | <a href="http://epub.ub.uni-muenchen.de/4649/1/4649.pdf">http://epub.ub.uni-muenchen.de/4649/1/4649.pdf</a> |
| 942 ## - Zusätzliche Felder (Koha) | |
| Koha-Medientyp | E-Books |
| Ausgeschieden | Verloren | Beschädigt | Nicht entleihbar | Heimatbibliothek | Aufenthaltsbibliothek | Aufstellungsort | Erwerbungsdatum | Inventarnummer | Signatur | Barcode | Letzte Aktivität | Preis gültig von | Koha-Medientyp |
|---|---|---|---|---|---|---|---|---|---|---|---|---|---|
| MWN Osteuropa | MWN Osteuropa | Online-Ressource | 30/06/2015 | 15-e00180 Digierß | E-15-e00180 | D 53 d Hock | 33170 | 18/03/2021 | 22/03/2021 | E-Books |